Statistics for Countries of the World in 60 Minutes!

Click here to take the quiz!

General Stats

  • This quiz has been taken 913 times
    (107 since last reset)
  • The average score is 165 of 196

Answers on the Map

Answers color-coded by a green-red scale on the quiz's map according to % correct below.
 

Answer Stats

HintHintCountry% Correct
14366Canada
99%
151.0182.0Mexico
97%
153129United States of America
97%
266294Brazil
96%
37786United Kingdom
96%
363.082.5Ireland
94%
208292Peru
94%
234.0373.0Argentina
93%
683.0342.0Australia
93%
218384Chile
93%
615.0140.9China
93%
401.573.5Denmark
93%
404.089.9Germany
93%
34143Iceland
93%
556185.9India
93%
693.3140.0Japan
93%
776.7391.9New Zealand
93%
57752Russia
93%
482.1179.9Saudi Arabia
93%
431365South Africa
93%
669139South Korea
93%
254.9370.2Uruguay
93%
414.2100.9Austria
92%
391.091.0Belgium
92%
206.0190.2Cuba
92%
447.0171.3Egypt
92%
43752Finland
92%
386105France
92%
430129Greece
92%
424.4103.1Hungary
92%
416.4124.2Italy
92%
206200.2Jamaica
92%
614.2104.1Mongolia
92%
39386.9Netherlands
92%
665.7127North Korea
92%
401.757Norway
92%
248.9339.7Paraguay
92%
423.687.1Poland
92%
361.7127.6Portugal
92%
423.098.0Slovakia
92%
413.0106.5Slovenia
92%
372127.5Spain
92%
562235.3Sri Lanka
92%
414.360.5Sweden
92%
398.4103.5Switzerland
92%
232235Venezuela
92%
624.3219.9Vietnam
92%
236.0319.0Bolivia
90%
216.3247.5Colombia
90%
418.0108.0Croatia
90%
414.093.8Czech Republic
90%
242.4209.5Dominica
90%
221197Dominican Republic
90%
635.5264Indonesia
90%
459.0157.0Israel
90%
533.0100.0Kazakhstan
90%
434.376.3Lithuania
90%
486.0324.3Madagascar
90%
366.0153.5Morocco
90%
403.3203.9Niger
90%
398.0230.8Nigeria
90%
509.33187.2Oman
90%
198232.5Panama
90%
657220.6Philippines
90%
449.6239.5South Sudan
90%
448.5209.5Sudan
90%
608.0207.9Thailand
90%
450.696.0Ukraine
90%
408.5120.7Vatican City
90%
488.3208.2Yemen
90%
425.5124.0Albania
89%
246.5217.0Barbados
89%
443.481.2Belarus
89%
184.5210.7Honduras
89%
501.3152.5Iran
89%
478.8149.9Iraq
89%
462.3158.9Jordan
89%
465.8259.9Kenya
89%
569.8166.5Nepal
89%
535.7164.2Pakistan
89%
436.7107.1Romania
89%
652.9182.1Taiwan
89%
460.3130.6Turkey
89%
502.0182.5United Arab Emirates
89%
528.0149.2Afghanistan
87%
384.2167.2Algeria
87%
180.9203.6Belize
87%
584.1169.4Bhutan
87%
204.0265.5Ecuador
87%
470.0234.2Ethiopia
87%
378.2234.5Ghana
87%
703.7282.4Papua New Guinea
87%
525122.5Uzbekistan
87%
480.5125.0Armenia
86%
437.8117.9Bulgaria
86%
192.0228.0Costa Rica
86%
455.3143.7Cyprus
86%
433.0267.2Democratic Republic of the Congo
86%
439.064.8Estonia
86%
782.9320.1Fiji
86%
218196Haiti
86%
610.3194.9Laos
86%
394.394.2Luxembourg
86%
597.0188.5Myanmar
86%
429.5121.7North Macedonia
86%
495.7176.2Qatar
86%
416.9260.5Republic of the Congo
86%
467.0143.0Syria
86%
513.0130.6Turkmenistan
86%
487.6125.0Azerbaijan
85%
209.0180.9Bahamas
85%
435.0336.1Botswana
85%
422.6209.4Chad
85%
479120Georgia
85%
427.5118.5Kosovo
85%
548.0122.0Kyrgyzstan
85%
438.070.6Latvia
85%
461.7146.8Lebanon
85%
610.3247.2Malaysia
85%
188.2218.1Nicaragua
85%
447.0325.0Zimbabwe
85%
384.0118.7Andorra
83%
241.4204.0Antigua & Barbuda
83%
583.0181.8Bangladesh
83%
353.3224.2Guinea
83%
402.0103.1Liechtenstein
83%
377202.2Mali
83%
412.9141.1Malta
83%
423.7117.8Montenegro
83%
243.2214.6Saint Lucia
83%
408.5113.9San Marino
83%
614.2256.7Singapore
83%
254.4248.1Suriname
83%
420.0301.2Angola
82%
616.0219.1Cambodia
82%
427.6239.0Central African Republic
82%
180.4215.0El Salvador
82%
248242Guyana
82%
419.3172.9Libya
82%
397.2114.5Monaco
82%
447.8267.7Rwanda
82%
242.5226.6Trinidad & Tobago
82%
401148Tunisia
82%
453.1256.6Uganda
82%
421.0113.0Bosnia & Herzegovina
80%
545.9248.9Maldives
80%
444.4102.0Moldova
80%
427.6113.0Serbia
80%
545.2133.5Tajikistan
80%
383.0232.4Togo
80%
494.3174.0Bahrain
79%
177.4210.0Guatemala
79%
239.4203.4Saint Kitts & Nevis
79%
488230Somalia
79%
438310Zambia
79%
407.0247.0Cameroon
77%
418328Namibia
77%
459.1282.5Tanzania
77%
476.4221.6Djibouti
76%
760.6232.2Marshall Islands
76%
347212Senegal
76%
385.7225.0Benin
75%
717.7235.2Federated States of Micronesia
75%
444.0360.5Lesotho
75%
359.2239.6Liberia
75%
742.1295.0Solomon Islands
75%
638.6246.1Brunei
73%
406.5264Gabon
73%
487.0162.9Kuwait
73%
456.0307.0Malawi
73%
785295.3Tuvalu
73%
664.3290.8East Timor
72%
466.3209.2Eritrea
72%
242.7216.8Saint Vincent & the Grenadines
72%
802.8307.7Samoa
72%
377.0219.0Burkina Faso
70%
326.7206.9Cape Verde
70%
404.0255.8Equatorial Guinea
70%
510.1329.1Mauritius
70%
755264Nauru
70%
680.5241.3Palau
70%
506.5276Seychelles
70%
798.1328.7Tonga
70%
759318.6Vanuatu
70%
241.6220.6Grenada
69%
467309.5Mozambique
69%
354.0232.9Sierra Leone
69%
479.4301.4Comoros
68%
347.7220.3Guinea-Bissau
68%
354195.5Mauritania
66%
395.5260.6São Tomé & Príncipe
66%
447.8272.6Burundi
65%
368.0235.9Ivory Coast
65%
21.0272.0Kiribati
65%
451.3350.1Eswatini
63%
344216Gambia
63%

Score Distribution

Percentile by Number Answered

Percent of People with Each Score

Your Score History

You have not taken this quiz since the last reset